01137 2200373 4500001002100000005001500021035002500036008004100061020002200102040001700124041001300141082001200154084001400166090001800180090002200198100002100220245014600241250003200387260003900419300002500458500006600483504003300549650001400582700002100596700001500617700002400632700001600656850001200672007000300684990002200687990001800709990001800727990001800745INLIS00000000002988720181227075659 a0010-081700000000093170804s2016 yoi g | ind d a978-979-96856-1-2 aYOPDYOGbind1 aindheng04223a301 a301 TUR r aDEP 301 TUR r aCB-D.11 2016-23121 aTURNER, Bryan S.10aRuntuhnya universalitas sosiologi barat /cBryan S. Turner; penerjemah, Sirojuddin Arief, M. Syukri, Inyiak Ridwan Muzir; editor, Ilya Muhsin aCetakan II Edisi Baru, 2016 aYogyakarta :bAr-Ruzz Media,c2016 a402 halaman ;c21 cm aTeks diterjemahkan dalam bahasa Indonesia dari bahasa Inggris aBibliografi: halaman 357-402 4aSosiologi0 aSirojuddin Arief1 aSyukri, M.0 aInyiak Ridwan Muzir0 aIlya Muhsin aYOPDYOGta aCB-D.11/2016-2312 a55518-PD/A.17 a36719-PD/B.18 a36720-PD/B.18